| 000 | 01004nam a22002297a 4500 | ||
|---|---|---|---|
| 999 |
_c2984 _d2984 |
||
| 003 | AR-CdUCM | ||
| 008 | 190305b ||||| |||| 00| 0 spa d | ||
| 040 |
_aMUNICIPALIDAD PROVINCIAL DEL CUSCO _cBIBLIOTECA MUNICIPAL DEL CUSCO |
||
| 082 |
_a985.009 / _bSA22 |
||
| 100 |
_aSánchez Carrión, Susana Llontop _910185 |
||
| 245 | _aJosé Faustino Sánchez Carrión / | ||
| 260 |
_aLima : _bVisión Peruana, _bMonterrico, _c1987. |
||
| 300 |
_a62 páginas ; _bilustraciones, _c21 cm. |
||
| 440 |
_aLos que hicieron el Perú, Biblioteca visión peruana. _n2 _910186 |
||
| 500 | _aEsta publicación es un aporte de la revista Visión Peruana" - Cubierta posterior. | ||
| 505 | _aContenido: Primeros años -- El seminario de Trujillo -- El convictorio de San Carlos -- Intervención en el debate sobre la forma de gobierno -- Defensa de sus ideas en artículos periodísticos ... | ||
| 650 |
_aBiografía _922 |
||
| 650 |
_aHistoria _9136 |
||
| 650 |
_aPolítico _97421 |
||
| 942 |
_2ddc _cLIBROS |
||
| 945 | _aachl | ||